Welcome to the Holygrace Academy Library

Please use search bar below to get started

SELF MASTER OF CHEMISTRY (Record no. 700)

MARC details
000 -LEADER
fixed length control field 00355nam a22001337a 4500
020 ## - INTERNATIONAL STANDARD BOOK NUMBER
ISBN 978-81-7608-894-7
082 ## - DEWEY DECIMAL CLASSIFICATION NUMBER
Classification number 540
Item number CHA/C
100 ## - MAIN ENTRY--AUTHOR NAME
Personal name R.CHADHA, MUNISH RATTI
245 ## - TITLE STATEMENT
Title SELF MASTER OF CHEMISTRY
Remainder of title CLASS XII
260 ## - PUBLICATION, DISTRIBUTION, ETC. (IMPRINT)
Place of publication JALANDHAR
Name of publisher S.DINESH & CO
Year of publication 2015
300 ## - PHYSICAL DESCRIPTION
Number of Pages 521
650 ## - SUBJECT ADDED ENTRY--TOPICAL TERM
Topical Term CHEMISTRY QUESTION ANSWER BANK MOCK TESTS
Geographic subdivision INDIA
942 ## - ADDED ENTRY ELEMENTS (KOHA)
Koha item type Books
Holdings
Withdrawn status Lost status Collection code Home library Current library Shelving location Date acquired Source of acquisition Full call number Accession Number Koha item type
    Reference Main Library Main Library SHELF-9 C XII CHEMISTRY 23/05/2019 purchase 540 CHA/C 11146 Books